Pokémon - Bonne orthographe (Générations 1 et 2) - Statistiques

Statistiques générales
  • Ce quiz a été pris 21 fois
  • Le résultat moyen est 17 sur 25
Statistiques - réponses
Question Réponse % Correct
Quelle est l'orthographe correcte ? Férosinge
90%
Quelle est l'orthographe correcte ? Feuforêve
90%
Quelle est l'orthographe correcte ? Queulorior
90%
Quelle est l'orthographe correcte ? Octillery
85%
Quelle est l'orthographe correcte ? Poissoroy
85%
Quelle est l'orthographe correcte ? Wattouat
80%
Quelle est l'orthographe correcte ? Colossinge
75%
Quelle est l'orthographe correcte ? Foretress
75%
Quelle est l'orthographe correcte ? Insécateur
75%
Quelle est l'orthographe correcte ? Noeunoeuf
75%
Quelle est l'orthographe correcte ? Aligatueur
70%
Quelle est l'orthographe correcte ? Rattata
70%
Quelle est l'orthographe correcte ? Tournegrin
70%
Quelle est l'orthographe correcte ? Écrémeuh
65%
Quelle est l'orthographe correcte ? Krabboss
65%
Quelle est l'orthographe correcte ? Lokhlass
65%
Quelle est l'orthographe correcte ? Loupio
65%
Quelle est l'orthographe correcte ? Migalos
60%
Quelle est l'orthographe correcte ? Porygon2
60%
Quelle est l'orthographe correcte ? Têtarte
60%
Quelle est l'orthographe correcte ? Phanpy
55%
Quelle est l'orthographe correcte ? Snubbull
50%
Quelle est l'orthographe correcte ? Rémoraid
40%
Quelle est l'orthographe correcte ? M. Mime
35%
Quelle est l'orthographe correcte ? Debugant
30%
Aucun quiz correspondant
Distribution des résultats
% des personnes avec chaque résultat
Percentile par nombre de réponses
Votre historique - résultats
Vous n’avez pas pris ce quiz